00383nam a2200145Ia 4500008004100000020001800041041000800059082001700067100001300084245006400097260003900161300000800200365001600208700001300224230718s9999 xx 000 0 und d a9781626560420 aeng a339.4'6bPOL aPolak P. aOut Of PovertybWhat Works When Traditional Approaches Fail c2009bBerrett - Koehler Publishers a232 cRs.b350.00 aPolak P.